Steden van West-Vlaanderen - Statistieken

Algemene statistieken
  • Deze quiz is 69 keer genomen
  • De gemiddelde score is 15 van 22
Antwoorden op de kaart
Antwoorden kleurgecodeerd door een groen-rode schaal op de quizkaart volgens % correct hieronder.
 
Antwoordstatistieken
answer % Correct
Brugge | Bruges | Brügge
93%
Kortrijk | Courtrai | Cortrick | Courtray
91%
Oostende | Ostende | Ostend
89%
Ieper | Ypres | Ypern
82%
Roeselare | Roulers
79%
Poperinge | Poperinghe | Poperingue
77%
Blankenberge | Blankenberghe
73%
Nieuwpoort
73%
Menen | Menin
73%
Veurne | Furnes
71%
Waregem
71%
Diksmuide | Dixmude
70%
Izegem | Iseghem
63%
Torhout | Thourout
61%
Damme
57%
Tielt | Thielt
57%
Gistel | Ghistelles
55%
Wervik | Wervicq
52%
Harelbeke
50%
Mesen | Messines
48%
Oudenburg | Audembourg
46%
Lo-Reninge
34%
Geen overeenkomende quizzen gevonden
Scoreverdeling
Procent van Mensen met Elke Score
Percentiel versus Aantal Correcte Antwoorden
Uw Scoregeschiedenis
U heeft deze quiz nog niet genomen